Normal view
MARC view
Entry Personal Name
001 - CONTROL NUMBER
- control field: 1053
003 - CONTROL NUMBER IDENTIFIER
- control field: PK-NaQUE
005 - DATE AND TIME OF LATEST TRANSACTION
- control field: 20260629145331.0
008 - FIXED-LENGTH DATA ELEMENTS
- fixed length control field: 260629|| aca||aabn | a|a d
040 ## - CATALOGING SOURCE
- Original cataloging agency: PK-NaQUE
- Transcribing agency: PK-NaQUE
100 ## - HEADING--PERSONAL NAME
- Personal name: Ali Raza
- Personal name: 21-MSSE-03
- Personal name: Supervisor - Prof Dr. Mukhtiar Ahmed Memon
670 ## - SOURCE DATA FOUND
- Source citation: Work cat.: (PK-NaQUE)69106: Ali Raza 21-MSSE-03 Supervisor - Prof Dr. Mukhtiar Ahmed Memon, Q-Learning Clustered Based Routing Protocol for Underwater Wireless Sensor Network (Thesis MS), 2025